LEADER 02161nam 2200481 450 001 9910460762203321 005 20200520144314.0 010 $a0-309-37736-6 035 $a(CKB)3710000000513366 035 $a(EBL)4393811 035 $a(MiAaPQ)EBC4393811 035 $a(Au-PeEL)EBL4393811 035 $a(CaPaEBR)ebr11163298 035 $a(OCoLC)927362680 035 $a(EXLCZ)993710000000513366 100 $a20160317h20152015 uy 0 101 0 $aeng 135 $aur|n|---||||| 181 $2rdacontent 182 $2rdamedia 183 $2rdacarrier 200 14$aThe space science decadal surveys $elessons learned and best practices /$fNational Academies of Sciences, Engineering, and Medicine (U.S.) 210 1$aWashington, District of Columbia :$cThe National Academies Press,$d2015. 210 4$d©2015 215 $a1 online resource (140 p.) 300 $a"Committee on Survey of Surveys: Lessons Learned from the Decadal Survey Process : Space Studies Board : Division on Engineering and Physical Sciences"--Cover. 311 $a0-309-37735-8 327 $aFrontMatter; Preface; Contents; Summary; 1 Decadal Surveys: Community Consensus in Science Priorities; 2 The Decadal Survey Process; 3 The Decadal Survey's Recommended Program; 4 Implementing the Decadal Survey; Appendixes; Appendix A: NASA Strategic Goals and Objectives; Appendix B:Implementing the CATE Process; Appendix C: Letter Requesting This Study; Appendix D: Lessons Learned and Best Practices for Decadal Surveys; Appendix E: Committee and Staff Biographies; Appendix F: Acronyms and Abbreviations 606 $aAstronomy$xResearch$xForecasting 606 $aAstrophysics$xResearch$xForecasting 606 $aSpace sciences$xResearch$xForecasting 608 $aElectronic books. 615 0$aAstronomy$xResearch$xForecasting. 615 0$aAstrophysics$xResearch$xForecasting. 615 0$aSpace sciences$xResearch$xForecasting. 676 $a520.72 801 0$bMiAaPQ 801 1$bMiAaPQ 801 2$bMiAaPQ 906 $aBOOK 912 $a9910460762203321 996 $aThe space science decadal surveys$92203177 997 $aUNINA LEADER 01804nas 2200649-a 450 001 996214313203316 005 20231101152433.0 011 $a1607-8438 035 $a(OCoLC)49941244 035 $a(CKB)954925508351 035 $a(CONSER)--2003214696 035 $a(DE-599)ZDB2030758-5 035 $a(EXLCZ)99954925508351 100 $a20020606a19729999 s-- a 101 0 $aeng 135 $aurmnu|||||||| 181 $ctxt$2rdacontent 182 $cc$2rdamedia 183 $acr$2rdacarrier 200 10$aConnective tissue research 210 $a[London] $cGordon and Breach 300 $aRefereed/Peer-reviewed 311 $a0300-8207 531 $aCONNECT TISSUE RES 531 $aCONNECT TIS 531 $aCONNECT. TISSUE RES 531 0 $aConnect. tissue res. 606 $aConnective tissues$vPeriodicals 606 $aConnective tissues 606 $aResearch 606 $aConnective Tissue 606 $aResearch 606 $aTissu conjonctif$vPériodiques 606 $aTissu conjonctif 606 $aRecherche 606 $aresearch (function)$2aat 606 $aConnective Tissue$2ebps 606 $aResearch$2fast$3(OCoLC)fst01095153 606 $aConnective tissues$2fast$3(OCoLC)fst00875344 608 $aPeriodicals.$2fast 615 0$aConnective tissues 615 0$aConnective tissues. 615 0$aResearch. 615 2$aConnective Tissue 615 2$aResearch 615 6$aTissu conjonctif 615 6$aTissu conjonctif. 615 6$aRecherche. 615 7$aresearch (function) 615 7$aConnective Tissue. 615 7$aResearch. 615 7$aConnective tissues. 676 $a571 906 $aJOURNAL 912 $a996214313203316 996 $aConnective tissue research$92403201 997 $aUNISA